| 000 | 00979nas a2200325 4500 | ||
|---|---|---|---|
| 001 | BR2014006086 | ||
| 003 | BR-BrBNA | ||
| 005 | 20231205124536.0 | ||
| 007 | ta | ||
| 008 | 230509b bl.|||p| |||| 00| 00por d | ||
| 040 |
_aBR-BrBNA _bpor _cBiblioteca Nacional de Agricultura |
||
| 041 | _a(Pt) | ||
| 072 | _aL70 | ||
| 100 | 1 | _aDalmolin, F. | |
| 100 | 1 | _aLhamas, C.L. | |
| 100 | 1 | _aPinto Filho, S.T.L. | |
| 100 | 1 | _aOliveira,M.T. de | |
| 100 | 1 | _aFeranti, J.P.S. | |
| 100 | 1 | _aPoerschke, A. | |
| 100 | 1 | _aBrun, M.V. | |
| 245 | 1 | _aInflamação e estresse oxidativo na videocirurgia | |
| 650 | _aCÃO | ||
| 650 | _aGATO | ||
| 650 | _aCIRURGIA | ||
| 650 | _aVETERINÁRIA | ||
| 650 | _aANTIOXIDANTE | ||
| 773 | 0 |
_tMedvep. Revista Ciêntífica de Medicina Veterinária. Pequenos Animais e Animais de Estimação (Brazil) _xISSN 1678-1430 _g(Apr-Jun 2014), v. 12(40) p. 226-234 _wBR2014006086 |
|
| 909 |
_a202311 _bLúcia _c55 _dLúcia Elande |
||
| 942 |
_2AGRIS _n0 _cANA |
||
| 999 |
_c239615 _d239615 |
||